LEADER 01688nam a2200301 i 4500 001 000000042958 003 CaOOAMICUS 005 20220311154620.0 008 080730s1973 it u000 u ita u 013 $a14128 040 $aSeMil$bita 245 03$aIl romanzo antico greco e latino :$bIl romanzo di Nino. Antonio Diogene. Cartone. Senofonte. Efesio. Giamblico. Luciano di Samosata. [Luciano]. Achille Tazio. Longo Sofista. Eliodoro. Petronio. Apuleio. Storia di Apollonio Re di Tiro$c[trad. di A. Angelini ... et al. ; a cura e con introduzione di Quintino Cataudella]. 264 1$aFirenze :$bSansoni,$c1973. 300 $aLIX, 1414 p. ;$c22 cm. 490 1 $aLe voci del mondo 541 0 $aFondo Ciprandi (1Y III 195) 650 4$aLetteratura greca antica - Antologie.$0(OLS)http://semarc/subject/51823 650 4$aLetteratura latina - Antologie.$0(OLS)http://semarc/subject/40077 700 1 $aAngelini, Alceste,$d<1920-1994>.$0(OLS)http://semarc/name/20266 700 1 $aCataudella, Quintino,$d<1900-1984>.$0(OLS)http://semarc/name/7837 830 3$aLe voci del mondo.$0(OLS)http://semarc/title/7242 850 $aSeMil 852 $aSeMil$W1$xVenegono$y1$m1X III 24$j237932$B9113$CSeMilBibl$Z2$F9113 $81 941 1 $a1 961 $aOmaggio: Ciprandi dott. Paolo 996 $6245$aIl romanzo antico greco e latino :$bIl romanzo di Nino. Antonio Diogene. Cartone. Senofonte. Efesio. Giamblico. Luciano di Samosata. [Luciano]. Achille Tazio. Longo Sofista. Eliodoro. Petronio. Apuleio. Storia di Apollonio Re di Tiro$9(OLS)http://semarc/title/62888 996 $6264$aFirenze :$bSansoni$9(OLS)http://semarc/publisher/29843 LEADER 01240nam a2200241 i 4500 001 000000045488 003 CaOOAMICUS 005 20120203000000.0 008 120203s1937 it u000 u ita u 013 $a16658 040 $aSeMil$bita 100 1 $aFroget, Barthélemy.$0(OLS)http://semarc/name/22621 245 12$aL'abitazione dello Spirito Santo nelle anime giuste secondo la dottrina di S. Tommaso d'Aquino /$cP. Bartolomeo Froget Maestro in Teologia dell'Ordine dei Frati Predicatori ; Traduzione sulla 8. edizione a cura del P. G. S. Nivoli O. P. 260 $aTorino - Roma :$bMarietti 1820,$c1937. 300 $aXV, 496 p. ;$c18 cm. 500 $aContiene : Appendice. 600 04$aTommaso : d'Aquino .$0(OLS)http://semarc/subject/115 650 4$aSpirito Santo.$0(OLS)http://semarc/subject/6528 700 1 $aNivoli, Giuseppe Silvio,$c.$0(OLS)http://semarc/name/13751 850 $aSeMil 852 $aSeMil$W1$xVenegono$y1$m2C I 216$j11643$B11643$CSeMilBibl$Z2$F11643 $81 996 $6245$aL'abitazione dello Spirito Santo nelle anime giuste secondo la dottrina di S. Tommaso d'Aquino$9(OLS)http://semarc/title/67625 996 $6260$aTorino - Roma :$bMarietti 1820$9(OLS)http://semarc/publisher/33234